| 000 | 00564nam a2200217Ia 4500 | ||
|---|---|---|---|
| 003 | GCL | ||
| 008 | 140319s9999 xx 000 0 eng d | ||
| 040 |
_aGCL / _cGCL |
||
| 082 | 0 | 4 |
_a306.8 _bL P |
| 100 | 1 | _aLANDIS, JUDSON T. | |
| 245 | 1 | 0 |
_aPERSONAL ADJUSTMENT MARRIAGE AND FAMILY LIVING / _cLANDIS, JUDSON T. |
| 700 | 1 | _aLANDIS, MARY G. | |
| 260 |
_a[S.N] : _bPRENTICE HALL, INC ، _c1950 |
||
| 300 | _a392 P | ||
| 650 | 0 | 4 | _aMARRIAGE |
| 650 | 0 | 4 | _aCHILDREN |
| 650 | 0 | 4 | _aFAMILY |
| 650 | 0 | 4 | _aPARENTS |
| 650 | 0 | 4 | _aFAMILY INSTITUTIONS |
| 942 |
_2ddc _cBK |
||
| 999 |
_c12996 _d12996 |
||